[Event "SVK-chT3B2 2223"]
[Site "Slovakia"]
[Date "2022.12.18"]
[Round "4.2"]
[White "Kijac, Miroslav"]
[Black "Adamik, Bohuslav"]
[Result "1/2-1/2"]
[WhiteElo "2084"]
[BlackElo "1839"]
[PlyCount "92"]
[EventDate "2022.10.23"]
[EventType "team-tourn"]
[EventRounds "11"]
[EventCountry "SVK"]
[SourceTitle "EXT 2024"]
[Source "ChessBase"]
[SourceDate "2023.10.10"]
[SourceVersion "1"]
[SourceVersionDate "2023.10.10"]
[SourceQuality "1"]
[WhiteTeam "Trencin PK"]
[BlackTeam "Lehota pod Vtacnikom"]
[WhiteTeamCountry "SVK"]
[BlackTeamCountry "SVK"]

1. d4 d5 2. c4 c6 3. Nf3 Nf6 4. Nc3 e6 5. e3 Bd6 6. Qc2 Nbd7 7. b3 b6 8. cxd5 exd5 9. Bd3 Bb7 10. 0-0 0-0 11. Bb2 Rc8 12. Rfd1 Re8 13. Bf5 Rc7 14. a4 a5 15. Ba3 Qe7 16. Bxd6 Qxd6 17. Rac1 Rcc8 18. Ne5 g6 19. Bh3 Rcd8 20. Nd3 Ne4 21. g3 Nxc3 22. Qxc3 f5 23. Bg2 Nf6 24. Qb2 Ba6 25. Ne5 Rc8 26. f4 Nd7 27. Rd2 Nxe5 28. fxe5 Qb4 29. Rdc2 Bb7 30. Rc3 Kg7 31. Qf2 Qe7 32. Qf4 h6 33. h4 Qe6 34. Bf1 Rg8 35. Bd3 Rce8 36. Rf1 h5 37. Rfc1 Rgf8 38. Qg5 Rf7 39. Be2 Qe7 40. Qf4 Qd8 41. Qf1 Re6 42. Kh2 Rc7 43. Qf4 Kh7 44. Bf1 Kg7 45. R3c2 Qe7 46. Bg2 Rd7 1/2-1/2

[Event "SVK-chT3B2 2122"]
[Site "Slovakia"]
[Date "2022.05.08"]
[Round "10.2"]
[White "Mazur, Mario1111"]
[Black "Adamik, Bohuslav"]
[Result "1/2-1/2"]
[WhiteElo "1609"]
[BlackElo "1841"]
[PlyCount "57"]
[EventDate "2021.10.24"]
[EventType "team-tourn"]
[EventRounds "11"]
[EventCountry "SVK"]
[SourceTitle "EXT 2024"]
[Source "ChessBase"]
[SourceDate "2023.10.10"]
[SourceVersion "1"]
[SourceVersionDate "2023.10.10"]
[SourceQuality "1"]
[WhiteTeam "Belusa II"]
[BlackTeam "Lehota pod Vtacnikom"]
[WhiteTeamCountry "SVK"]
[BlackTeamCountry "SVK"]

1. d4 d5 2. c4 c6 3. Nc3 Nf6 4. Nf3 Bf5 5. Bf4 e6 6. e3 Bd6 7. Bg3 Bxg3 8. hxg3 Nbd7 9. Bd3 Bxd3 10. Qxd3 Qe7 11. a3 Rd8 12. cxd5 exd5 13. 0-0 0-0 14. Nd2 Rfe8 15. Rfe1 Ne4 16. Ncxe4 dxe4 17. Qb3 Nb6 18. Nc4 Nxc4 19. Qxc4 Rd5 20. Qe2 Qg5 21. Rac1 Re6 22. b4 h5 23. Rc5 Rg6 24. Rxd5 cxd5 25. Rc1 h4 26. f4 Qxg3 27. Rc8+ Kh7 28. Qh5+ Rh6 29. Qxf7 1/2-1/2

[Event "SVK-chT3B2 1920"]
[Site "Slovakia"]
[Date "2019.10.20"]
[Round "2.2"]
[White "Adamik, Bohuslav"]
[Black "Chlebana, Dusan"]
[Result "1-0"]
[WhiteElo "1868"]
[BlackElo "1557"]
[PlyCount "87"]
[EventDate "2019.10.06"]
[EventType "team-tourn"]
[EventRounds "11"]
[EventCountry "SVK"]
[SourceTitle "CBM 193 Extra"]
[Source "ChessBase"]
[SourceDate "2020.01.31"]
[SourceVersion "1"]
[SourceVersionDate "2020.01.31"]
[SourceQuality "1"]
[WhiteTeam "Lehota pod Vtacnikom"]
[BlackTeam "Nemsova Horne Srnie II"]
[WhiteTeamCountry "SVK"]
[BlackTeamCountry "SVK"]

1. d4 Nf6 2. Nf3 g6 3. g3 Bg7 4. Bg2 d6 5. 0-0 0-0 6. b3 c6 7. Bb2 Nbd7 8. Nbd2 Re8 9. c4 e5 10. e3 e4 11. Ne1 d5 12. b4 a6 13. a4 Nb6 14. c5 Nbd7 15. Qb3 Nf8 16. Nc2 Bd7 17. Bc3 Ne6 18. Na3 Nc7 19. Rfb1 h5 20. Qd1 Ng4 21. h3 Nh6 22. Nf1 Qc8 23. Kh2 Re6 24. Ra2 Rf6 25. Qe2 Bf5 26. b5 Qd7 27. bxc6 Qxc6 28. Nc2 Rb8 29. Ba5 Qd7 30. Nb4 Qc8 31. Bxc7 Qxc7 32. Nxd5 Qd8 33. Nxf6+ Qxf6 34. Rab2 Qc6 35. Qc2 g5 36. Rb6 Qe8 37. Rxb7 Rxb7 38. Rxb7 h4 39. c6 Bc8 40. Qxe4 hxg3+ 41. Nxg3 Qd8 42. Qe7 Qa5 43. Rb8 Bf8 44. Rxc8 1-0

[Event "SVK-chT3B2 1819"]
[Site "Slovakia"]
[Date "2018.10.21"]
[Round "1.2"]
[White "Marko, Anton"]
[Black "Adamik, Bohuslav"]
[Result "1-0"]
[WhiteElo "2045"]
[BlackElo "1871"]
[PlyCount "47"]
[EventDate "2018.10.21"]
[EventType "team-tourn"]
[EventRounds "11"]
[EventCountry "SVK"]
[SourceTitle "CBM 189 Extra"]
[Source "ChessBase"]
[SourceDate "2019.06.03"]
[SourceVersion "1"]
[SourceVersionDate "2019.06.03"]
[SourceQuality "1"]
[WhiteTeam "Chynorany"]
[BlackTeam "Lehota pod Vtacnikom"]
[WhiteTeamCountry "SVK"]
[BlackTeamCountry "SVK"]

1. c4 e6 2. g3 Nf6 3. d4 d5 4. Nf3 Be7 5. Bg2 Nbd7 6. 0-0 0-0 7. Nbd2 c6 8. b3 b6 9. Bb2 Bb7 10. Ne5 c5 11. e3 a5 12. Rb1 Re8 13. h3 Nf8 14. Qe2 Rc8 15. Rfd1 Qc7 16. g4 N6d7 17. cxd5 exd5 18. Ndf3 f6 19. Nxd7 Nxd7 20. dxc5 Bxc5 21. Nd4 Rcd8 22. Nb5 Qb8 23. Bxd5+ Bxd5 24. Rxd5 1-0

[Event "SVK-chT2B 1718"]
[Site "Slovakia"]
[Date "2018.03.18"]
[Round "11.1"]
[White "Kalisky, Vladimir"]
[Black "Adamik, Bohuslav"]
[Result "1-0"]
[WhiteElo "2202"]
[BlackElo "1888"]
[PlyCount "43"]
[EventDate "2017.10.28"]
[EventType "team-tourn"]
[EventRounds "11"]
[EventCountry "SVK"]
[SourceTitle "EXT 2020"]
[Source "ChessBase"]
[SourceDate "2019.10.17"]
[SourceVersion "1"]
[SourceVersionDate "2019.10.17"]
[SourceQuality "1"]
[WhiteTeam "Tlmace"]
[BlackTeam "Lehota pod Vtacnikom"]
[WhiteTeamCountry "SVK"]
[BlackTeamCountry "SVK"]

1. c4 g6 2. Nc3 Bg7 3. d4 d6 4. Nf3 Bg4 5. g3 Nc6 6. Bg2 Qd7 7. 0-0 Rb8 8. Be3 a6 9. Qd2 h5 10. Rfd1 Bxf3 11. exf3 h4 12. f4 hxg3 13. hxg3 Qg4 14. Nd5 Kd7 15. Rac1 e6 16. Nxc7 Kxc7 17. d5 Nd8 18. c5 Kd7 19. cxd6 exd5 20. Rc7+ Ke8 21. d7+ Ke7 22. Bc5+ 1-0

[Event "SVK-chT2B 1718"]
[Site "Slovakia"]
[Date "2018.03.17"]
[Round "10.1"]
[White "Adamik, Bohuslav"]
[Black "Chlpik, Martin"]
[Result "0-1"]
[WhiteElo "1888"]
[BlackElo "2150"]
[PlyCount "76"]
[EventDate "2017.10.28"]
[EventType "team-tourn"]
[EventRounds "11"]
[EventCountry "SVK"]
[SourceTitle "EXT 2020"]
[Source "ChessBase"]
[SourceDate "2019.10.17"]
[SourceVersion "1"]
[SourceVersionDate "2019.10.17"]
[SourceQuality "1"]
[WhiteTeam "Lehota pod Vtacnikom"]
[BlackTeam "Levice"]
[WhiteTeamCountry "SVK"]
[BlackTeamCountry "SVK"]

1. d4 Nf6 2. Nf3 c5 3. e3 g6 4. Be2 Bg7 5. 0-0 0-0 6. b3 d6 7. Bb2 Nfd7 8. c4 Nc6 9. Qd2 e6 10. dxc5 Bxb2 11. Qxb2 Nxc5 12. Nc3 f5 13. Rad1 Qf6 14. Rd2 e5 15. Rfd1 e4 16. Ne1 f4 17. Rxd6 Qe7 18. exf4 Nd3 19. R6xd3 exd3 20. Nxd3 Nd4 21. Bf1 Bg4 22. f3 Bf5 23. Nd5 Qg7 24. Ne5 Nc6 25. Qa1 Rad8 26. Re1 Ne7 27. g3 Nxd5 28. cxd5 Qf6 29. Bc4 b5 30. Bf1 Rxd5 31. a4 Rd2 32. Bxb5 Qb6+ 33. Kh1 Qf2 34. Bc4+ Rf7 35. Bxf7+ Kf8 36. Nxg6+ Bxg6 37. Qh8+ Kxf7 38. Qe8+ Kg7 0-1

[Event "SVK-chT2B 1718"]
[Site "Slovakia"]
[Date "2018.02.04"]
[Round "7.1"]
[White "Adamik, Bohuslav"]
[Black "Bombek, Peter"]
[Result "0-1"]
[WhiteElo "1909"]
[BlackElo "2241"]
[PlyCount "87"]
[EventDate "2017.10.28"]
[EventType "team-tourn"]
[EventRounds "11"]
[EventCountry "SVK"]
[SourceTitle "EXT 2019"]
[Source "ChessBase"]
[SourceDate "2018.10.10"]
[SourceVersion "1"]
[SourceVersionDate "2018.10.10"]
[SourceQuality "1"]
[WhiteTeam "Lehota pod Vtacnikom"]
[BlackTeam "Povazske Podhradie"]
[WhiteTeamCountry "SVK"]
[BlackTeamCountry "SVK"]

1. d4 Nf6 2. Nf3 e6 3. e3 d5 4. Bd3 c5 5. b3 b6 6. 0-0 Be7 7. Bb2 0-0 8. Nbd2 Ba6 9. Qe2 Bxd3 10. cxd3 Nc6 11. Ne5 Rc8 12. f4 cxd4 13. Nxc6 Rxc6 14. Bxd4 Qd6 15. a3 Rfc8 16. Rfb1 h6 17. Qd1 Nd7 18. Nf3 f6 19. Bb2 e5 20. fxe5 fxe5 21. Rc1 Bf6 22. Rxc6 Rxc6 23. Rc1 e4 24. Rxc6 Qxc6 25. Nd4 Bxd4 26. exd4 Nf6 27. dxe4 Nxe4 28. Qe2 Qf6 29. Qc2 Kh7 30. Qe2 Qf4 31. g3 Qd2 32. Kf1 Qg5 33. Kg2 Qf5 34. a4 a6 35. b4 b5 36. axb5 axb5 37. Qc2 Nxg3 38. Qxf5+ Nxf5 39. Kf3 g5 40. Bc3 Kg6 41. Bb2 h5 42. h3 Ng7 43. Bc1 Nf5 44. Be3 0-1

[Event "SVK-chT2B 1718"]
[Site "Slovakia"]
[Date "2017.11.26"]
[Round "4.1"]
[White "Adamik, Bohuslav"]
[Black "Szegi, Tamas"]
[Result "0-1"]
[WhiteElo "1909"]
[BlackElo "2208"]
[PlyCount "88"]
[EventDate "2017.10.28"]
[EventType "team-tourn"]
[EventRounds "11"]
[EventCountry "SVK"]
[SourceTitle "CBM 181 Extra"]
[Source "ChessBase"]
[SourceDate "2017.12.12"]
[SourceVersion "1"]
[SourceVersionDate "2017.12.12"]
[SourceQuality "1"]
[WhiteTeam "Lehota pod Vtacnikom"]
[BlackTeam "Batorove Kosihy"]
[WhiteTeamCountry "SVK"]
[BlackTeamCountry "SVK"]

1. d4 Nf6 2. Nf3 g6 3. e3 Bg7 4. Bd3 0-0 5. 0-0 d5 6. Nbd2 c5 7. b3 cxd4 8. exd4 Nc6 9. a3 Qb6 10. Bb2 Nh5 11. c3 Nf4 12. Bc2 Bg4 13. Re1 e5 14. dxe5 Nxe5 15. Re3 Bxf3 16. Nxf3 Ng4 17. Re2 Rae8 18. Rd2 h5 19. h3 Nf6 20. Qf1 Ne4 21. Bxe4 dxe4 22. Nd4 Nd3 23. Qd1 Rd8 24. Rb1 Nxb2 25. Rbxb2 Qc5 26. Qc2 Qxa3 27. Qxe4 Qa6 28. Qb1 Rfe8 29. Qd3 Re1+ 30. Kh2 Qd6+ 31. g3 Qd5 32. f3 h4 33. Kg2 Qg5 34. f4 Qxg3+ 35. Qxg3 hxg3 36. Rd3 Re4 37. Kf3 f5 38. Kxg3 Bxd4 39. cxd4 Rexd4 40. Rf3 Rd3 41. Rbf2 Kf7 42. h4 a5 43. h5 gxh5 44. Kh4 Kf6 0-1

[Event "SVK-chT3B2 1617"]
[Site "Slovakia"]
[Date "2017.03.05"]
[Round "9.1"]
[White "Marko, Anton"]
[Black "Adamik, Bohuslav"]
[Result "1-0"]
[WhiteElo "2080"]
[BlackElo "1947"]
[PlyCount "121"]
[EventDate "2016.10.16"]
[EventType "team-tourn"]
[EventRounds "11"]
[EventCountry "SVK"]
[SourceTitle "EXT 2020"]
[Source "ChessBase"]
[SourceDate "2019.10.17"]
[SourceVersion "1"]
[SourceVersionDate "2019.10.17"]
[SourceQuality "1"]
[WhiteTeam "Chynorany"]
[BlackTeam "Lehota pod Vtacnikom"]
[WhiteTeamCountry "SVK"]
[BlackTeamCountry "SVK"]

1. Nf3 d5 2. g3 Nf6 3. Bg2 e6 4. c4 Be7 5. d4 0-0 6. 0-0 Nbd7 7. Nbd2 c6 8. Qc2 dxc4 9. Nxc4 Re8 10. Bd2 Nd5 11. a3 Nf8 12. b4 Bd7 13. e4 Nc7 14. Na5 Qc8 15. Ne5 Rd8 16. Nxd7 Rxd7 17. Be3 Bf6 18. Rfd1 Nb5 19. e5 Bd8 20. Nb3 Nc7 21. Nc5 Re7 22. h4 Nd5 23. Rab1 a6 24. Ne4 Rc7 25. Rdc1 Qd7 26. a4 Be7 27. Bd2 b5 28. Kh2 Qd8 29. Bg5 f6 30. exf6 gxf6 31. Bd2 Rac8 32. Qb3 f5 33. Nc5 Bxc5 34. Rxc5 Ng6 35. Re1 Qd7 36. h5 Nf8 37. Qc2 Qf7 38. Rc1 Nd7 39. h6 Nxc5 40. Qxc5 f4 41. gxf4 Nxf4 42. Qg5+ Ng6 43. Qg3 Rd8 44. Be3 Rdc8 45. Be4 Kh8 46. Rg1 Rf8 47. Qd6 Qe7 48. Qxe7 Nxe7 49. d5 Nf5 50. Bxf5 Rxf5 51. dxe6 Rh5+ 52. Kg3 Kg8 53. Kf4+ Kf8 54. Bc5+ Rxc5 55. bxc5 b4 56. Ke5 b3 57. f4 b2 58. f5 Rb7 59. f6 b1Q 60. e7+ Ke8 61. Rg8+ 1-0

[Event "SVK-chT3B2 1617"]
[Site "Slovakia"]
[Date "2017.01.29"]
[Round "7.1"]
[White "Blazek, Milos"]
[Black "Adamik, Bohuslav"]
[Result "1/2-1/2"]
[WhiteElo "2008"]
[BlackElo "1947"]
[PlyCount "48"]
[EventDate "2016.10.16"]
[EventType "team-tourn"]
[EventRounds "11"]
[EventCountry "SVK"]
[SourceTitle "EXT 2018"]
[Source "ChessBase"]
[SourceDate "2017.10.13"]
[SourceVersion "1"]
[SourceVersionDate "2017.10.13"]
[SourceQuality "1"]
[WhiteTeam "Nemsova Horne Srnie"]
[BlackTeam "Lehota pod Vtacnikom"]
[WhiteTeamCountry "SVK"]
[BlackTeamCountry "SVK"]

1. e4 d5 2. exd5 Qxd5 3. Nc3 Qd8 4. d4 Nf6 5. Bc4 c6 6. Nf3 e6 7. 0-0 Be7 8. Re1 a5 9. a4 Na6 10. Bf4 Nc7 11. Qe2 Bd7 12. Rad1 Ncd5 13. Bd2 0-0 14. Ne4 Nxe4 15. Qxe4 Bf6 16. Ne5 Bxe5 17. dxe5 f5 18. exf6 Qxf6 19. Bd3 Qxf2+ 20. Kh1 Nf6 21. Qe5 Ng4 22. Qh5 Nf6 23. Qg5 h6 24. Qe5 Ng4 1/2-1/2

[Event "SVK-chT3B2 1415"]
[Site "Slovakia"]
[Date "2015.04.26"]
[Round "10.3"]
[White "Adamik, Bohuslav"]
[Black "Bielik, Peter"]
[Result "1/2-1/2"]
[WhiteElo "1965"]
[BlackElo "1901"]
[PlyCount "73"]
[EventDate "2014.10.05"]
[EventType "team-tourn"]
[EventRounds "14"]
[EventCountry "SVK"]
[SourceTitle "EXT 2019"]
[Source "ChessBase"]
[SourceDate "2018.10.10"]
[SourceVersion "1"]
[SourceVersionDate "2018.10.10"]
[SourceQuality "1"]

1. d4 d5 2. Nf3 Nf6 3. e3 e6 4. b3 c5 5. Bd3 Nc6 6. 0-0 Be7 7. Bb2 0-0 8. Nbd2 Nb4 9. Qe2 Nxd3 10. cxd3 b6 11. Ne5 Bb7 12. f4 cxd4 13. Bxd4 Bc5 14. Ndf3 Qe7 15. Bxc5 bxc5 16. h3 h6 17. Kh2 Rfc8 18. g4 c4 19. bxc4 dxc4 20. Nxc4 Nd5 21. Rfc1 Qf6 22. Kg3 Nc3 23. Qd2 Rxc4 24. Nd4 Rac8 25. Kh2 Ne4 26. dxe4 Bxe4 27. Rxc4 Rxc4 28. Rc1 Rxc1 29. Qxc1 e5 30. Ne2 exf4 31. exf4 Qb6 32. Kg3 Qa6 33. Qd2 Qd3+ 34. Qxd3 Bxd3 35. Nd4 f6 36. h4 g6 37. g5 1/2-1/2

[Event "SVK-chT3B2 1415"]
[Site "Slovakia"]
[Date "2015.01.18"]
[Round "5.4"]
[White "Orgon, Dusan"]
[Black "Adamik, Bohuslav"]
[Result "1-0"]
[WhiteElo "2066"]
[BlackElo "1965"]
[PlyCount "136"]
[EventDate "2014.10.05"]
[EventType "team-tourn"]
[EventRounds "14"]
[EventCountry "SVK"]
[SourceTitle "EXT 2019"]
[Source "ChessBase"]
[SourceDate "2018.10.10"]
[SourceVersion "1"]
[SourceVersionDate "2018.10.10"]
[SourceQuality "1"]

1. d4 d5 2. Nf3 g6 3. Bf4 Bg7 4. Nc3 Nf6 5. e3 0-0 6. Be2 c6 7. Ne5 Nbd7 8. h4 Nxe5 9. Bxe5 Ne4 10. Bxg7 Kxg7 11. Nxe4 dxe4 12. g4 e6 13. Qd2 b5 14. Qc3 Qd5 15. a4 Bd7 16. a5 Rac8 17. b4 Rce8 18. Qb2 a6 19. Rc1 e5 20. Rd1 Bc8 21. g5 f6 22. c4 Qf7 23. gxf6+ Qxf6 24. Rh2 exd4 25. Qxd4 Qxd4 26. Rxd4 Bf5 27. Kd2 Re7 28. Bd1 Ref7 29. Ke2 Rd7 30. Rxd7+ Bxd7 31. c5 Be6 32. Bc2 Bd5 33. Rg2 Kf6 34. Rg4 Re8 35. Rf4+ Kg7 36. Kd2 Re5 37. Kc3 g5 38. hxg5 Rxg5 39. Bxe4 Bxe4 40. Rxe4 h5 41. Re7+ Kh6 42. f4 Rg3 43. Re8 h4 44. Kd3 Kh5 45. Ke4 h3 46. Kf5 Rg6 47. Rh8+ Rh6 48. Rd8 Kh4 49. e4 Rh5+ 50. Kf6 h2 51. Rd1 Kg4 52. e5 Rh6+ 53. Ke7 h1Q 54. Rxh1 Rxh1 55. Kd7 Rh7+ 56. Kxc6 Kxf4 57. Kd6 Rh6+ 58. Kd5 Kf5 59. c6 Rh1 60. c7 Rd1+ 61. Kc6 Kxe5 62. c8Q Rc1+ 63. Kb7 Rxc8 64. Kxc8 Kd5 65. Kb7 Kc4 66. Kxa6 Kxb4 67. Kb6 Kc4 68. a6 b4 1-0

[Event "SVK-chT3B2 1112"]
[Site "Slovakia"]
[Date "2011.12.11"]
[Round "4.3"]
[White "Adamik, Bohuslav"]
[Black "Blatnicky, Miroslav"]
[Result "1/2-1/2"]
[WhiteElo "1922"]
[BlackElo "2130"]
[PlyCount "115"]
[EventDate "2011.10.23"]
[EventType "team-tourn"]
[EventRounds "9"]
[EventCountry "SVK"]
[SourceTitle "EXT 2013"]
[Source "ChessBase"]
[SourceDate "2012.11.22"]
[SourceVersion "1"]
[SourceVersionDate "2012.11.22"]
[SourceQuality "1"]
[WhiteTeam "Lehota pod Vtacnikom"]
[BlackTeam "Myjava Spartak"]
[WhiteTeamCountry "SVK"]
[BlackTeamCountry "SVK"]

1. d4 e6 2. Nf3 d5 3. e3 Nf6 4. Bd3 c5 5. b3 Nc6 6. 0-0 Bd7 7. Bb2 Rc8 8. a3 a6 9. Nbd2 b5 10. c4 bxc4 11. bxc4 Rb8 12. Qc2 cxd4 13. Nxd4 Bd6 14. N2f3 Nxd4 15. Bxd4 Rc8 16. Qa2 dxc4 17. Bxc4 Rxc4 18. Qxc4 Bb5 19. Qc3 Bxf1 20. Rxf1 0-0 21. Qd3 Qe7 22. Qxa6 Bxa3 23. Ra1 Bc5 24. Qc6 Bxd4 25. Nxd4 h5 26. Ra8 Rxa8 27. Qxa8+ Kh7 28. h3 Nd5 29. Qa2 Qb4 30. Qc2+ Kh6 31. Nf3 Qa3 32. g4 hxg4 33. hxg4 g5 34. Qe2 Qb4 35. Nh2 Kg6 36. Qd3+ Kh6 37. Qf1 Nf6 38. Qd1 Qe4 39. Qf1 Kg6 40. Qg2 Qb1+ 41. Qf1 Qc2 42. Qh3 Ne4 43. Qf3 f5 44. Kg2 Nf6 45. gxf5+ exf5 46. Qa8 g4 47. Nf1 Qc7 48. Ng3 Kg5 49. Qf8 Qc6+ 50. Kg1 Kg6 51. Qb8 Qf3 52. Qe5 Qd5 53. Qxd5 Nxd5 54. Ne2 Kg5 55. Kg2 f4 56. exf4+ Nxf4+ 57. Nxf4 Kxf4 58. Kg1 1/2-1/2